Super-oxidized water irrigation for post decorticated empyema thoracis : a mixed cohort /
Saved in:
| Main Author: | |
|---|---|
| Format: | Thesis Book |
| Language: | English |
| Published: |
2011.
|
| Subjects: | |
| Tags: |
Add Tag
No Tags, Be the first to tag this record!
|
| LEADER | 00931cam a2200253 a 4500 | ||
|---|---|---|---|
| 001 | u847536 | ||
| 003 | SIRSI | ||
| 005 | 201112220900 | ||
| 008 | 111222n2011 my a t 000 0 eng m | ||
| 040 | |a UMP | ||
| 043 | |a a-my--- | ||
| 096 | |a WO100 |b UM 2011 Ahmrhr | ||
| 100 | 0 | |a Ahmad Rafizi Hariz Ramli. | |
| 245 | 1 | 0 | |a Super-oxidized water irrigation for post decorticated empyema thoracis : |b a mixed cohort / |c Ahmad Rafizi Hariz Ramli. |
| 260 | |c 2011. | ||
| 300 | |a 136 leaves : |b col. ill. ; |c 30 cm. | ||
| 502 | |a Research report (M. Surg) -- Department of Surgery, Faculty of Medicine, University of Malaya, 2011. | ||
| 504 | |a Bibliography: leaves 119-132. | ||
| 650 | 1 | 2 | |a Empyema |z Malaysia. |
| 650 | 2 | 2 | |a Water Pollution |z Malaysia. |
| 710 | 2 | 0 | |a Universiti Malaya. |b Jabatan Surgeri. |
| 900 | |a RAH | ||
| 596 | |a 2 | ||
| 999 | |a WO100 UM 2011 AHMRHR |w NLM |c 1 |i A515027754 |d 27/2/2012 |f 27/2/2012 |g 1 |l TESIS |m P02MEDKL |r Y |s Y |t TESIS |u 27/2/2012 | ||
